|
|
|
|
| LEADER |
01403nta a2200253 i 4500 |
| 001 |
dokt2989 |
| 005 |
20221013152927.0 |
| 008 |
160525s2015 hu om 0|| hun d |
| 024 |
7 |
|
|a 10.14232/phd.2989
|2 doi
|
| 024 |
7 |
|
|a 3068015
|2 mtmt
|
| 040 |
|
|
|a SZTE Doktori Repozitórium
|b hun
|
| 041 |
|
|
|a hun
|
| 100 |
1 |
|
|a Gosztonyi Katalin
|
| 245 |
1 |
0 |
|a Hagyomány és reform az 1960-as és ’70-es évek matematikaoktatásában
|h [elektronikus dokumentum] :
|b Magyarország és Franciaország reformjainak összehasonlító elemzése = Tradition et réforme de l'enseignement des mathématiques à l'époque des mathématiques modernes: le cas de la Hongrie et de la France /
|c Gosztonyi Katalin
|
| 246 |
1 |
0 |
|a Tradition and reform in mathematics education during the „New Math” period: a comparative sudy of the case of Hungary and France
|h [elektronikus dokumentum]
|
| 260 |
|
|
|c 2015-12-11
|
| 502 |
|
|
|a Disszertacio
|
| 650 |
|
4 |
|a matematika- és számítástudományok
|
| 650 |
|
4 |
|a Matematika
|
| 700 |
0 |
1 |
|a Kuzniak Alain
|e ths
|
| 700 |
0 |
1 |
|a Kosztolányi József
|e ths
|
| 856 |
4 |
0 |
|u https://doktori.bibl.u-szeged.hu/id/eprint/2989/2/Gosztonyi_disszertacio.pdf
|z Dokumentum-elérés
|
| 856 |
4 |
0 |
|u https://doktori.bibl.u-szeged.hu/id/eprint/2989/8/Tezisfuzet_magyar_Gosztonyi.pdf
|z Dokumentum-elérés
|
| 856 |
4 |
0 |
|u https://doktori.bibl.u-szeged.hu/id/eprint/2989/9/Tezisfuzet_angol_Gosztonyi.pdf
|z Dokumentum-elérés
|